000
00357nam a2200169Ia 4500
003
0STCL
008
150530s9999 xx 000 0 und d
040
_a
STCL
_c
STCL
100
_a
Thiroor
245
_a
Desert
260
_b
Kiran; Thrissur
_c
1987
300
_a
0
546
_a
Malayalam
942
_2
ddc
_c
BK
999
_c
48934
_d
48934
005
20220125170754.0